Statistics for Name the best countries when combining the Happiness, Democracy & HDI

Click here to take the quiz!

General Stats

  • This quiz has been taken 217 times
  • The average score is 16 of 20

Answer Stats

ContinentAnswerRanking CombinedRanking in HappinessRanking in DemocracyRanking in HDI% Correct
EuropeNorway1511
100%
EuropeFinland51612
98%
EuropeSweden4738
98%
AmericasUnited States of America16182515
98%
AmericasCanada1111513
97%
EuropeIceland2427
94%
Asia & OceaniaJapan29612118
92%
Asia & OceaniaNew Zealand / Australia88 / 124 / 914 / 5
90%
EuropeSwitzerland33122
90%
Asia & OceaniaSouth Korea30602321
89%
AfricaSouth Africa771064392
81%
AmericasChile28381740
75%
Asia & OceaniaIsrael17142721
72%
Asia & OceaniaTaiwan18251130
72%
AmericasCosta Rica27151860
69%
AfricaMauritius38482058
68%
AmericasUruguay26261551
67%
AfricaTunisia801255178
62%
AfricaBotswana841443281
59%
AfricaGhana838856112
39%

Score Distribution

Percentile by Number Answered

Percent of People with Each Score

Your Score History

You have not taken this quiz